000 00947nam a2200301 i 4500
003 EG-GICUC
005 20260506052508.0
008 260506s1972 fr ||||fr|||| 00| 0 fre d
040 _aEG-GiCUC
_bfre
_cEG-GiCUC
_dEG-GiCUC
_eRda
041 0 _afre
082 0 4 _221
_a345.141
_bCO . P
092 0 4 _221
099 _aLaw1 07 345.141 CO . P 1972
100 1 _aColliard, Claude
_eAuteur
245 1 0 _aPrécis Dalloz :
_blibertés publiques /
_cpar Claude-Albert Colliard
264 1 _a Paris :
_bDalloz,
_c1972.
300 _a564page ;
_c 24 cm.
336 _2rda contenu
_a texte
337 _2rda medias
_aOrdinateur
338 _2 transporteur rda
_a Ressource en ligne
504 _aComprend des références bibliographiques.
546 _aTexte en français
650 1 _aDroit administratif
_2qrmak
651 1 _2qrmak
856 4 0 _uhttps://fll.law.cu.edu.eg/fulltext/bks/B07-5596.pdf
905 _a74
942 _2ddc
_n0
_cBK
_e21
999 _c75933
_d75933